000 00404nam a2200169Ia 4500
008 210210b1922 xxu||||| |||| 00| 0 eng d
041 _aeng
082 _a822/629
100 _aJONES (E R)
245 _aSelected english speeches
260 _aLondon
_bOxford University Press
_c1922
650 _aspeeches
650 _aSelected
650 _aenglish
690 _aEnglish Prose
906 _a012815
999 _c131637
_d131637